000 01094nam a2200301 a 4500
003 CO-BoRNBP
005 20241113094947.0
007 ta
008 190815s2018 ck ao gr 000 0 spa d
020 _a9789585655416
040 _aCO-BoBLA
_bspa
_cCO-BoBLA
_erda
043 _as-ck---
082 0 4 _a780.986
_bM17c
100 1 _aMartín, Miguel Ángel,
_d1932-1994.
_943689
245 1 0 _a50 Torneo Internacional del Joropo /
_csueño y obra de Fernando Muñoz León.
246 3 0 _aCincuenta Torneo Internacional del Joropo
250 _aPrimera edición
300 _a197 páginas :
_bilustraciones, fotografías ;
_c23 x 30 cm +
_e2 CDS.
336 _2rdacontenido
_atexto
_btxt
337 _2rdamedio
_asin mediación
_bn
338 _2rdasoporte
_avolumen
_bnc
610 2 7 _aTorneo Internacional del Joropo
_x Historia.
_943690
650 7 _aMúsica folclórica llanera.
_2BLAAUTO
_943691
650 7 _aMúsica folclórica colombiana.
_2BLAAUTO
_924565
776 0 _iLos CDS contienen: pasajes, golpes, contrapuntos y obras instrumentales.
942 _2ddc
_cBK
949 _ac
_bc
999 _c38538
_d38538